| 000 | 01081cam a22003255a 4500 | ||
|---|---|---|---|
| 001 | 015506315 | ||
| 003 | OSt | ||
| 005 | 20151026122354.0 | ||
| 008 | 100302t2011 maua frbd 001 0 eng d | ||
| 020 | _a9780205802678 (pbk.) | ||
| 020 | _a0205802672 (pbk.) | ||
| 040 |
_aStDuBDS _beng _cStDuBDS _dUk _dEG-ScBUE |
||
| 082 | 0 | 4 |
_a320.5 _bBAL _222 |
| 100 | 1 |
_aBall, Terence. _928517 |
|
| 245 | 1 | 0 |
_aPolitical ideologies and the democratic ideal / _cTerence Ball, Richard Dagger. |
| 250 | _a8th ed., International ed. | ||
| 260 |
_aBoston : _bLongman, _cc.2011. |
||
| 300 |
_axiv, 337 p. : _bill. ; _c24 cm. |
||
| 500 | _aGlossary : p. 319-325. | ||
| 504 | _aIncludes bibliographical references and indexes. | ||
| 650 | 0 |
_aPolitical science _xHistory. _2BUEsh |
|
| 650 | 0 |
_aDemocracy _xHistory. _2BUEsh |
|
| 650 | 0 |
_aRight and left (Political science) _xHistory. _2BUEsh _95507 |
|
| 650 | 0 |
_aIdeology _xHistory. _2BUEsh _928266 |
|
| 651 | _2BUEsh | ||
| 653 |
_bBUSBOL _cOctober2015 |
||
| 655 |
_vReading book _934232 |
||
| 700 | 1 |
_aDagger, Richard. _928518 |
|
| 942 |
_2ddc _k320.5 BAL |
||
| 999 |
_c20982 _d20954 |
||